Prácticas de electrotecnia /

Đã lưu trong:
Chi tiết về thư mục
Tác giả chính: Catalán Izquierdo, Saturnino (autor)
Định dạng: Sách
Ngôn ngữ:Tiếng Tây Ban Nha
Được phát hành: Valencia, España : Universidad Politécnica de Valencia, 1994, c1994
Những chủ đề:
Các nhãn: Thêm thẻ
Không có thẻ, Là người đầu tiên thẻ bản ghi này!

MARC

LEADER 00000nam^a2200000^a^4500
001 000052277
005 20250521000000.0
009 20260526115434.765
037 |a Acervo ITESO - Biblioteca 
041 |a ESP 
082 |a 621. 313  |b CAT 
100 |a Catalán Izquierdo, Saturnino  |e (autor) 
245 1 0 |a Prácticas de electrotecnia /  |c S. Catalán Izquierdo. 
264 4 |a Valencia, España :  |b Universidad Politécnica de Valencia,  |c 1994, c1994 
300 |a 96 p. 
336 |a texto  |b txt  |2 rdacontenido 
337 |a sin mediación  |b n  |2 rdamedio 
338 |a volumen  |b nc  |2 rdasoporte 
649 |a XX 
650 |a Máquinas Eléctricas 
650 |a Generadores Eléctricos 
650 |a Transformadores 
650 |a Generadores Eléctricos -  |x Corriente Alterna 
650 |a Instalaciones Eléctricas 
650 |a Electricidad -  |x Equipo y Aparatos 
910 |a Fondo General 
920 |a Impresos - Libros 
930 |a Colección General 
905 |a 101 
901 |a 0500009817  |b IT1  |c ACC  |u 20250521 
902 |a https://opac.biblio.iteso.mx/vufind/Record/000052277